[Event ""]
[Site ""]
[Date "????.??.??"]
[Round "5"]
[White "Çàñûïêèí Àëåêñåé"]
[Black "Ìûøêèí Íèêèòà"]
[Result "1-0"]
[WhiteElo "2195"]
[BlackElo "2050"]
[Annotator ""]
[Source ""]
[Remark ""]

1.d4 c5 2.d5 Nf6 3.c4 b5 4.f3 d6 5.cxb5 a6 6.e4 axb5 7.Bxb5+
Bd7 8.Bc4 g6 9.Nc3 Bg7 10.Nge2 O-O 11.O-O Qb6 12.Rb1 Na6 13.a3
Nc7 14.Be3 Qa5 15.b4 Qxa3 16.Rb3 Qa7 17.bxc5 dxc5 18.e5 Nfe8
19.f4 Ba4 20.Nxa4 Qxa4 21.Qd3 Qa5 22.Ng3 Bh6 23.Ne4 Bg7 24.Bxc5
Na6 25.Bxe7 1-0

[Event ""]
[Site ""]
[Date "????.??.??"]
[Round "5"]
[White "Ñîòíèêîâ Ìàêñèì"]
[Black "Ïîïåëûøåâ Èãîðü"]
[Result "1/2-1/2"]
[WhiteElo "1979"]
[BlackElo "2190"]
[Annotator ""]
[Source ""]
[Remark ""]

1.d4 d5 2.c4 e6 3.Nc3 Nf6 4.Nf3 c5 5.cxd5 exd5 6.Bg5 Be6 7.e3
Nbd7 8.Qa4 a6 9.dxc5 Bxc5 10.Be2 b5 11.Qc2 Rc8 12.a3 Qb6 13.O-O
O-O 14.Rfd1 Bd6 15.Bxf6 Nxf6 16.Qd3 Bb8 17.Nd4 Nd7 18.Nf3 Nf6
19.Qd4 Qxd4 20.Nxd4 Ba7 21.Bf3 Rfd8 22.Nc2 a5 23.Nd4 Bxd4 24.Rxd4
Rb8 25.Rad1 b4 26.axb4 Rxb4 27.Rxb4 axb4 1/2-1/2

[Event ""]
[Site ""]
[Date "????.??.??"]
[Round "5"]
[White "Óëÿøåâ Íèêîëàé"]
[Black "Ãàíè÷åâ Àëåêñàíäð"]
[Result "0-1"]
[WhiteElo "1716"]
[BlackElo "2154"]
[Annotator ""]
[Source ""]
[Remark ""]

1.e4 e5 2.Nf3 Nc6 3.Bc4 Nf6 4.d3 d5 5.exd5 Nxd5 6.O-O Be7 7.Re1
Bg4 8.h3 Bh5 9.g4 Bg6 10.Nxe5 Nxe5 11.Rxe5 Nb6 12.Qe2 Nxc4 13.dxc4
Kf8 14.Rd5 Qc8 15.Bf4 h5 16.Bg3 hxg4 17.hxg4 Qe6 18.Qxe6 fxe6
19.Rd2 Be4 20.f4 Bc5+ 21.Kf1 Bf3 22.Rh2 Rxh2 23.Bxh2 Rd8 24.Bg3
Rd1+ 25.Be1 Bxg4 26.a4 Be7 0-1

[Event ""]
[Site ""]
[Date "????.??.??"]
[Round "5"]
[White "Óðàåâ Èâàí"]
[Black "Ãâàíöåëàäçå Àííà"]
[Result "1-0"]
[WhiteElo "2150"]
[BlackElo "2017"]
[Annotator ""]
[Source ""]
[Remark ""]

1.e4 c6 2.d4 d5 3.e5 Bf5 4.Nc3 e6 5.g4 Bg6 6.Nge2 Ne7 7.f4 h5
8.f5 exf5 9.g5 Na6 10.Nf4 Nc7 11.h4 Ne6 12.Nce2 Qd7 13.Bg2 O-O-O
14.O-O Kb8 15.a4 Nc8 16.a5 a6 17.b3 Ka8 18.Bb2 Nc7 19.c4 Ne7
20.Nc3 dxc4 21.Na4 Nc8 22.bxc4 Ne6 23.d5 Nxf4 24.Rxf4 Qc7 25.Qb3
cxd5 26.cxd5 Bc5+ 27.Nxc5 Qxc5+ 28.Bd4 Qb5 29.Qxb5 axb5 30.a6
b6 31.a7 Nxa7 32.d6+ Kb8 33.Rxa7 Kxa7 34.Rf1 1-0

[Event ""]
[Site ""]
[Date "????.??.??"]
[Round "5"]
[White "Âûñîöêèé Àëåêñàíäð"]
[Black "Àíèñèìîâ Íèêîëàé"]
[Result "1-0"]
[WhiteElo "2030"]
[BlackElo "2257"]
[Annotator ""]
[Source ""]
[Remark ""]

1.e4 c5 2.c3 d6 3.d4 cxd4 4.cxd4 Nf6 5.Nc3 e6 6.Nf3 Be7 7.Bd3
O-O 8.O-O a6 9.a4 b6 10.e5 dxe5 11.dxe5 Nfd7 12.Qc2 h6 13.Bh7+
Kh8 14.Be4 Ra7 15.Rd1 Qc7 16.Be3 Bc5 17.Bxc5 Nxc5 18.Qe2 Nc6
19.Bxc6 Qxc6 20.Rd6 Qc7 21.Rad1 Nb7 22.R6d4 Na5 23.Ne4 Bb7 24.Nd6
Bd5 25.Qe3 Nc6 26.Rh4 f5 27.exf6 Qxd6 28.fxg7+ Kxg7 29.Qxh6+
Kf7 30.Rxd5 Qxd5 31.Rf4+ Ke8 32.Qxf8+ 1-0

[Event ""]
[Site ""]
[Date "????.??.??"]
[Round "5"]
[White "Öàðóêÿí Ýëèñ"]
[Black "Ëîøàêîâ Äìèòðèé"]
[Result "1/2-1/2"]
[WhiteElo "2246"]
[BlackElo "2001"]
[Annotator ""]
[Source ""]
[Remark ""]

1.e4 c5 2.Nf3 Nc6 3.d4 cxd4 4.Nxd4 Nf6 5.Nc3 e5 6.Ndb5 d6 7.Bg5
a6 8.Na3 b5 9.Nd5 Be7 10.Bxf6 Bxf6 11.c3 Be6 12.Nc2 Bxd5 13.exd5
Ne7 14.a4 bxa4 15.Rxa4 Qb6 16.Rb4 Qc5 17.Ne3 O-O 18.Bd3 g6 19.Rc4
Qb6 20.Qe2 Bg7 21.O-O f5 22.Rb4 Qa5 23.Rb7 Rf7 24.b4 Qd8 25.Bxa6
f4 26.Nc2 f3 27.gxf3 Rxa6 28.Qxa6 Qc8 29.Qa7 Bf8 30.Qb8 Qh3 31.Qxd6
Rf5 32.Qe6+ Kh8 33.Ne3 Rg5+ 34.Ng4 Qxf3 35.h3 h5 36.Rb8 Ng8 37.Rxf8
Qxf8 38.f3 Qf4 39.Kg2 Nh6 40.Ra1 hxg4 41.Ra8+ Kg7 42.Qe7+ Nf7
43.Qf8+ Kh7 44.Qg8+ Kh6 45.Qf8+ Kh7 46.hxg4 e4 47.Qg8+ Kh6 48.Qf8+
Kh7 1/2-1/2

[Event ""]
[Site ""]
[Date "????.??.??"]
[Round "5"]
[White "Ìóëåíêî Àëåêñàíäð"]
[Black "Ñèìàãèí Ìàêñèì"]
[Result "1/2-1/2"]
[WhiteElo "2201"]
[BlackElo "1997"]
[Annotator ""]
[Source ""]
[Remark ""]

1.Nf3 Nf6 2.g3 b6 3.Bg2 Bb7 4.c4 e6 5.d4 Be7 6.O-O O-O 7.d5 exd5
8.Nh4 Ne4 9.cxd5 Bxh4 10.Bxe4 Bf6 11.Nc3 d6 12.Qc2 h6 13.Bg2
a5 14.Rd1 Nd7 15.Be3 Ba6 16.Rac1 Re8 17.Ne4 Nc5 18.Nxf6+ Qxf6
19.b3 Qe5 20.a3 Bb5 21.Re1 Ra7 22.Rcd1 Qh5 23.Rd4 Qg6 24.Qc3
Ne4 25.Qc2 Nc5 26.Qb2 Qf6 27.Qc2 Qg6 1/2-1/2

[Event ""]
[Site ""]
[Date "????.??.??"]
[Round "5"]
[White "Ãëîäÿí Äìèòðèé"]
[Black "Áàðàíîâ Ðîìàí"]
[Result "0-1"]
[WhiteElo "2020"]
[BlackElo "2142"]
[Annotator ""]
[Source ""]
[Remark ""]

1.Nf3 Nf6 2.c4 g6 3.Nc3 Bg7 4.e4 d6 5.d4 O-O 6.Be2 e5 7.d5 a5
8.O-O Na6 9.Nd2 Ne8 10.a3 Nc5 11.Na4 Nxa4 12.Qxa4 Bd7 13.Qc2
b6 14.Rb1 a4 15.b4 axb3 16.Qxb3 f5 17.Ra1 Nf6 18.f3 f4 19.a4
g5 20.g4 fxg3 21.hxg3 g4 22.fxg4 Bxg4 23.Bxg4 Nxg4 24.Nf3 Qe8
25.Kg2 Qg6 26.Qd3 Qh5 27.Rh1 Qxh1+ 0-1

[Event ""]
[Site ""]
[Date "????.??.??"]
[Round "5"]
[White "Ïîëîíîâñêèé Ãðèãîðèé"]
[Black "Ñèäîðîâ Êèðèëë"]
[Result "0-1"]
[WhiteElo "2141"]
[BlackElo "1977"]
[Annotator ""]
[Source ""]
[Remark ""]

1.Nf3 f5 2.e4 fxe4 3.Ng5 Nf6 4.d3 d5 5.dxe4 h6 6.Nf3 dxe4 7.Qxd8+
Kxd8 8.Ne5 Be6 9.Na3 Nbd7 10.Ng6 Rg8 11.Bc4 Bxc4 12.Nxc4 e6 13.Bf4
Nd5 14.Bg3 b5 15.Nce5 Nxe5 16.Bxe5 Bd6 17.O-O-O Ke8 18.h4 h5
19.g4 hxg4 20.h5 Rd8 21.Rde1 Bxe5 22.Nxe5 Nf6 23.Reg1 Rd5 24.Nxg4
Rg5 25.Nxf6+ gxf6 26.Rxg5 Rxg5 27.h6 Rg8 28.Kd2 Kf7 29.Ke3 f5
30.h7 Rh8 31.Kf4 Kg6 32.Rg1+ Kxh7 33.Ke5 Rg8 34.Rh1+ Kg6 35.Kxe6
Re8+ 36.Kd5 f4 37.Kd4 0-1

[Event ""]
[Site ""]
[Date "????.??.??"]
[Round "5"]
[White "Ëàçàðåâ Àíàòîëèé"]
[Black "Êàìàøåâà Ýëüâèðà"]
[Result "1/2-1/2"]
[WhiteElo "2102"]
[BlackElo "1973"]
[Annotator ""]
[Source ""]
[Remark ""]

1.d4 Nf6 2.c4 g6 3.Nc3 Bg7 4.e4 d6 5.Be2 Nbd7 6.Be3 O-O 7.Qd2
c5 8.d5 a5 9.Bh6 a4 10.Bxg7 Kxg7 11.h4 h5 12.Nf3 Qb6 13.a3 Qb3
14.Rc1 Ne5 15.Nxe5 dxe5 16.O-O Bd7 17.Qg5 Ng4 18.f3 f6 19.Qd2
Nh6 20.Nb5 Nf7 21.f4 Qg3 22.Nc3 Qxh4 23.f5 Ng5 24.Qe3 gxf5 25.Qxc5
Nh3+ 26.gxh3 Qg3+ 27.Kh1 Qxh3+ 1/2-1/2

[Event ""]
[Site ""]
[Date "????.??.??"]
[Round "5"]
[White "Çûçëîâà Ñîôèÿ"]
[Black "Øèòîâ ßðîñëàâ"]
[Result "0-1"]
[WhiteElo "2012"]
[BlackElo "2130"]
[Annotator ""]
[Source ""]
[Remark ""]

1.d4 d5 2.c4 c6 3.cxd5 cxd5 4.Nf3 Nf6 5.Nc3 g6 6.Bf4 Nc6 7.e3
a6 8.Bd3 Bg7 9.O-O O-O 10.Rc1 Nh5 11.Be5 Bg4 12.Bxg7 Nxg7 13.Qb3
Bxf3 14.gxf3 e6 15.Qxb7 Ne7 16.Na4 Nef5 17.Bxf5 Nxf5 18.Qc7 Qh4
19.Nb6 Rad8 20.Kh1 Rd6 21.Nc8 Rdd8 22.Nb6 g5 23.Nd7 Rxd7 24.Qxd7
Qh3 25.Qc7 Qxf3+ 26.Kg1 h5 27.h3 Kh7 28.Kh2 Rg8 29.Rfe1 g4 30.hxg4
Rxg4 0-1

[Event ""]
[Site ""]
[Date "????.??.??"]
[Round "5"]
[White "Îáðåç÷èêîâ Ìèõàèë"]
[Black "Äåðÿáèíà Ñâåòëàíà"]
[Result "1-0"]
[WhiteElo "1992"]
[BlackElo "2133"]
[Annotator ""]
[Source ""]
[Remark ""]

1.d4 d5 2.Nf3 Nf6 3.Bf4 e6 4.h3 c5 5.e3 Nc6 6.Be2 Qb6 7.b3 Ne4
8.O-O Be7 9.c4 cxd4 10.exd4 dxc4 11.Bxc4 O-O 12.Qd3 Nf6 13.Nc3
Rd8 14.Nb5 Rd7 15.Rfd1 Nb4 16.Qe2 Nbd5 17.Bd2 a6 18.Nc3 Ba3 19.Bxd5
Nxd5 20.Ne4 Bb2 21.Ba5 Qxa5 22.Qxb2 Rd8 23.a3 Bd7 24.Ne5 Bc6
25.b4 Qb5 26.Rac1 Rac8 27.Rc5 Qb6 28.Qc2 f6 29.Nxc6 Rxc6 30.Rxc6
Qxc6 31.Qxc6 bxc6 32.Nc5 Kf7 33.Re1 Nc7 34.Nb3 Nb5 35.Rc1 Rd6
36.a4 Nxd4 37.Nxd4 Rxd4 38.Rxc6 Rxb4 39.Rxa6 h5 40.g3 h4 41.Kg2
e5 42.a5 Kg6 43.g4 Rb3 44.Ra7 Ra3 45.a6 Kh6 46.Ra8 g6 47.Ra7
Kg5 48.Ra8 Kf4 49.a7 f5 50.gxf5 gxf5 51.Rh8 Rxa7 52.Rxh4+ Kg5
53.Rb4 e4 54.Rb5 Ra2 55.Kg3 Ra3+ 56.Kg2 Kf4 57.Rb2 Ra7 58.Rb3
Ra5 59.Rg3 Ke5 60.h4 Ra2 61.h5 f4 62.Rh3 e3 63.h6 e2 64.Rh1 Ke4
65.h7 Ra8 66.h8Q 1-0

[Event ""]
[Site ""]
[Date "????.??.??"]
[Round "5"]
[White "Ñêóðàòîâè÷ ßêîâ"]
[Black "Ãàðãîëèí Ïàâåë"]
[Result "1-0"]
[WhiteElo "1990"]
[BlackElo "2111"]
[Annotator ""]
[Source ""]
[Remark ""]

1.e4 e5 2.Nf3 Nf6 3.Nc3 Nc6 4.d4 exd4 5.Nd5 Nb4 6.Nxf6+ Qxf6
7.Bc4 Bc5 8.O-O d6 9.Bg5 Qg6 10.e5 Qxc2 11.exd6 Qxc4 12.Re1+
Be6 13.d7+ Kf8 14.d8N Nd3 15.b3 Qc3 16.Bd2 Qb2 17.Nxe6+ fxe6
18.Ng5 Nxe1 19.Nxe6+ Kg8 20.Nxc5 Qc2 21.Qh5 Qxd2 22.Qd5+ Kf8
23.Qf5+ Ke7 1-0

[Event ""]
[Site ""]
[Date "????.??.??"]
[Round "5"]
[White "Ìàòâååâ Âëàäèìèð"]
[Black "Íèêèòèí Àëåêñàíäð"]
[Result "0-1"]
[WhiteElo "2110"]
[BlackElo "1932"]
[Annotator ""]
[Source ""]
[Remark ""]

1.d4 Nf6 2.c4 e6 3.Nc3 Bb4 4.Qc2 O-O 5.Nf3 b6 6.e4 d5 7.e5 Nfd7
8.Bf4 f5 9.cxd5 exd5 10.Bd3 c5 11.Bxf5 cxd4 12.Nxd4 Nc5 13.Bxh7+
Kh8 14.Bg3 Ba6 15.O-O-O Qg5+ 16.f4 Qh6 17.Nxd5 Rc8 18.Nxb4 Ncd7
19.Qxc8+ Bxc8 20.Be4 a5 21.Bxa8 axb4 22.Nf5 Qe6 23.Be4 Qxa2 0-1

[Event ""]
[Site ""]
[Date "????.??.??"]
[Round "5"]
[White "Áàáàõèí Àíòîí"]
[Black "Ëàðèíà Ìàðèÿ"]
[Result "1-0"]
[WhiteElo "1974"]
[BlackElo "2102"]
[Annotator ""]
[Source ""]
[Remark ""]

1.e4 c5 2.Nf3 Nc6 3.d4 cxd4 4.Nxd4 e5 5.Nb5 d6 6.N1c3 a6 7.Na3
Be7 8.Nd5 Nf6 9.Nxf6+ Bxf6 10.Nc4 Be7 11.Be2 Nd4 12.O-O b5 13.Ne3
Be6 14.c3 Nxe2+ 15.Qxe2 O-O 16.Rd1 f5 17.exf5 Bxf5 18.Nxf5 Rxf5
19.a4 bxa4 20.Rxa4 a5 21.Be3 Qb8 22.Qc4+ Kh8 23.Qe6 Qf8 24.b4
Rf6 25.Qd5 Rc8 26.bxa5 Rxc3 27.a6 Rc8 28.a7 Ra8 29.Rb4 Qe8 30.Qxa8
Qxa8 31.Rb8+ Rf8 32.Rxa8 Rxa8 33.Rb1 1-0

[Event ""]
[Site ""]
[Date "????.??.??"]
[Round "5"]
[White "Õðàìöîâà Åëåíà"]
[Black "Ðàêîâ Ìèõàèë"]
[Result "0-1"]
[WhiteElo "2071"]
[BlackElo "1912"]
[Annotator ""]
[Source ""]
[Remark ""]

1.e4 c6 2.d4 d5 3.exd5 cxd5 4.Bd3 Nf6 5.c3 Nc6 6.Bf4 Bg4 7.Qb3
Na5 8.Qa4+ Bd7 9.Qc2 e6 10.Nf3 Be7 11.O-O O-O 12.Ne5 b5 13.Qe2
a6 14.Nd2 Nc4 15.Rab1 Nxe5 16.Bxe5 Bc6 17.Qf3 Bd6 18.Rfe1 Bxe5
19.Rxe5 g6 20.Re3 Nh5 21.Qd1 Nf4 22.Bf1 Qg5 23.Rg3 Qf5 24.Rf3
e5 25.g3 Nh3+ 26.Kg2 Qe6 27.Re3 e4 28.f4 g5 29.fxg5 Nxg5 30.Qh5
Qg6 31.Be2 Bd7 32.h4 Qxh5 33.Bxh5 Ne6 34.Kh2 Ng7 35.Bd1 h5 36.Bb3
Be6 37.Rf1 f5 38.Bd1 Ra7 39.Nb3 Raf7 40.Rf4 Kh7 41.Nc5 Bc8 42.Be2
Kh6 43.Bd1 Ne8 44.Bb3 Nf6 45.Kg2 Rg7 46.Bd1 0-1

[Event ""]
[Site ""]
[Date "????.??.??"]
[Round "5"]
[White "Áðóÿöêàÿ Ìàðèÿ"]
[Black "Àáäðàõìàíîâ Ðàìèñ"]
[Result "1/2-1/2"]
[WhiteElo "2045"]
[BlackElo "1855"]
[Annotator ""]
[Source ""]
[Remark ""]

1.e4 e6 2.d4 d5 3.Nc3 Nf6 4.Bg5 Be7 5.Bxf6 Bxf6 6.e5 Be7 7.Qg4
O-O 8.Nf3 c5 9.dxc5 Bxc5 10.Bd3 f5 11.exf6 Qxf6 12.O-O Nc6 13.Ng5
h6 14.Nh7 Qf4 15.Qg6 Ne5 16.Qh5 Nxd3 17.Nxf8 Nxf2 18.Ng6 Nh3+
19.Kh1 Nf2+ 20.Rxf2 Qxf2 21.Ne5 b6 22.Qe8+ Qf8 23.Qb5 Qd6 24.Qe8+
Qf8 25.Qc6 Rb8 26.Re1 Qe7 27.Nd3 Bb4 1/2-1/2

[Event ""]
[Site ""]
[Date "????.??.??"]
[Round "5"]
[White "Õîáîòîâà Îëåñÿ"]
[Black "Äàãàåâ Äìèòðèé"]
[Result "1/2-1/2"]
[WhiteElo "1931"]
[BlackElo "2156"]
[Annotator ""]
[Source ""]
[Remark ""]

1.e4 e5 2.Nf3 Nf6 3.Nxe5 d6 4.Nf3 Nxe4 5.Nc3 Nxc3 6.dxc3 Bg4
7.h3 Qe7+ 8.Be3 Be6 9.Bd3 Nc6 10.O-O Qd7 11.Re1 Be7 12.Nd4 Ne5
13.Nxe6 fxe6 14.Be4 O-O 15.Bd4 Bf6 16.Bxe5 Bxe5 17.Bxh7+ Kxh7
18.Rxe5 Qf7 19.Qh5+ Qxh5 20.Rxh5+ Kg6 21.Rb5 b6 22.a4 Rf4 23.a5
c6 24.Rb4 Rxb4 25.cxb4 b5 26.Re1 Kf6 27.b3 Rc8 28.Re3 e5 29.g4
d5 30.Kg2 d4 31.Re4 c5 32.f4 exf4 33.Rxf4+ Ke6 1/2-1/2

[Event ""]
[Site ""]
[Date "????.??.??"]
[Round "5"]
[White "Äîëãîâà Òàìàðà"]
[Black "Æóðàâëåâ Àëåêñàíäð"]
[Result "1-0"]
[WhiteElo "1907"]
[BlackElo "2118"]
[Annotator ""]
[Source ""]
[Remark ""]

1.e4 c5 2.Nf3 a6 3.d4 cxd4 4.c3 dxc3 5.Nxc3 d6 6.Bc4 e6 7.O-O
Be7 8.Qe2 Nf6 9.Rd1 Qc7 10.Bf4 e5 11.Bg5 Be6 12.Bxe6 fxe6 13.Rac1
Nc6 14.Qc4 Qd7 15.Na4 b5 16.Qxc6 Qxc6 17.Rxc6 bxa4 18.Rc7 h6
19.Bxf6 gxf6 20.Nd2 d5 21.exd5 exd5 22.Nf3 d4 23.Nh4 Bd6 24.Rg7
a3 25.bxa3 Bxa3 26.g3 a5 27.Rb1 Bb4 28.Ng6 O-O-O 29.Nxh8 Rxh8
30.Rc1+ Bc3 31.Rf7 h5 32.h4 a4 33.Rxf6 Kd7 34.Rb1 Rc8 35.Rb7+
Ke8 36.Re6+ Kf8 37.Rxe5 d3 38.Rd7 Re8 39.Red5 d2 40.Rd8 Rxd8
41.Rxd8+ Ke7 42.Rd3 Ke6 43.Kf1 Ke5 44.Ke2 1-0

[Event ""]
[Site ""]
[Date "????.??.??"]
[Round "5"]
[White "Ñåðãèåíêî Àíòîí"]
[Black "Çèìåíêî Áîðèñ"]
[Result "1/2-1/2"]
[WhiteElo "1902"]
[BlackElo "2054"]
[Annotator ""]
[Source ""]
[Remark ""]

1.d4 Nf6 2.c4 e6 3.Nc3 d5 4.cxd5 exd5 5.Bg5 Be7 6.e3 O-O 7.Qc2
c6 8.Bd3 h6 9.Bh4 Nbd7 10.Nf3 Re8 11.O-O Bd6 12.Rfe1 g5 13.Bg3
Bf8 14.Ne5 Bg7 15.f4 Nf8 16.a4 Ne4 17.Bxe4 dxe4 18.a5 f5 19.Rad1
Be6 20.Na4 Qe7 21.Nc5 gxf4 22.Bxf4 Bd5 23.Qe2 Ne6 24.Nxe6 Qxe6
25.b3 Kh7 26.Qh5 Rg8 27.Kh1 Bxe5 28.Bxe5 Rg5 29.Qh3 Rag8 30.g3
Qg6 31.Qh4 Rf8 32.Rf1 Rf7 33.Rf2 Rg4 1/2-1/2

[Event ""]
[Site ""]
[Date "????.??.??"]
[Round "5"]
[White "Èñàåâ Åâãåíèé"]
[Black "Ñóäàðåâ Îëåã"]
[Result "0-1"]
[WhiteElo "1897"]
[BlackElo "2009"]
[Annotator ""]
[Source ""]
[Remark ""]

1.d4 e6 2.c4 Nf6 3.Nf3 c5 4.Nc3 cxd4 5.Nxd4 Bb4 6.Bd2 O-O 7.g3
Nc6 8.Nxc6 bxc6 9.Bg2 d5 10.Qa4 Qb6 11.a3 Bc5 12.Nd1 Be7 13.b4
Bd7 14.c5 Qc7 15.O-O e5 16.Nc3 Bf5 17.f4 e4 18.Be3 Rfb8 19.Rfb1
a6 20.Bd4 Nd7 21.Qc2 Bf6 22.Bxf6 Nxf6 23.e3 Nd7 24.Ne2 Nf8 25.Nd4
Bd7 26.Rb2 Ne6 27.Qc3 a5 28.Rab1 axb4 29.axb4 Nxd4 30.Qxd4 Ra3
31.Bf1 Ra4 32.Be2 Qa7 33.Bd1 Ra3 34.Bc2 Qa6 35.b5 cxb5 36.Qxd5
Bc6 37.Qd4 Re8 38.Rb4 Qc8 39.Qb2 Rxe3 40.Qd4 Ra3 41.Re1 e3 42.Bb3
Qh3 43.Qb2 e2 44.Rxe2 Rxe2 45.Qxe2 Ra1+ 46.Kf2 Qxh2+ 47.Ke3 Qxg3+
48.Kd2 Ra8 49.Kc1 Qc3+ 50.Qc2 Ra1# 0-1

[Event ""]
[Site ""]
[Date "????.??.??"]
[Round "5"]
[White "Ìèðîíîâà Íàòàëüÿ"]
[Black "Þãèíà Ìàðèÿ"]
[Result "1/2-1/2"]
[WhiteElo "1844"]
[BlackElo "2005"]
[Annotator ""]
[Source ""]
[Remark ""]

1.e4 c5 2.c3 d5 3.exd5 Qxd5 4.d4 Nf6 5.Nf3 Bg4 6.Be2 cxd4 7.cxd4
e6 8.O-O Be7 9.Nc3 Qd8 10.Bf4 O-O 11.Qb3 Nc6 12.Qxb7 Nxd4 13.Rad1
Bxf3 14.Bxf3 Nxf3+ 15.Qxf3 Qb6 16.Rd2 h6 17.h3 Rac8 1/2-1/2

[Event ""]
[Site ""]
[Date "????.??.??"]
[Round "5"]
[White "Îðëîâöåâ Àëåêñàíäð"]
[Black "Àðáóçîâ Èâàí"]
[Result "1-0"]
[WhiteElo "2058"]
[BlackElo "1802"]
[Annotator ""]
[Source ""]
[Remark ""]

1.d4 Nf6 2.c4 g6 3.Nc3 Bg7 4.e4 d6 5.Be2 O-O 6.Bg5 Nbd7 7.Qd2
e5 8.d5 a5 9.h4 Nc5 10.f3 Qd7 11.g4 Ne8 12.O-O-O f5 13.gxf5 gxf5
14.Be3 f4 15.Bf2 Qe7 16.Bf1 b6 17.Nge2 Nf6 18.Bh3 Bxh3 19.Rxh3
Nh5 20.Rg1 h6 21.Kc2 Kh7 22.Qe1 Bf6 23.Rg4 Bg7 24.Qg1 Nd7 25.Rh2
Ndf6 26.Rgg2 Rg8 27.Qe1 Bh8 28.b3 Rxg2 29.Rxg2 Rg8 30.Qg1 Rxg2
31.Qxg2 Bg7 32.Qh3 Bf8 33.Nb5 Ng7 34.a3 Nge8 35.Nc1 Qd7 36.Qxd7+
Nxd7 37.b4 axb4 38.axb4 Be7 39.Nd3 Kg6 40.Ne1 Nf8 41.Kd3 Kh5
42.Ng2 Ng6 43.Ke2 Nxh4 44.Nxh4 Bxh4 45.Kf1 Bg3 46.Nxc7 Nxc7 47.Bxb6
Ne8 48.Ba5 Bh4 49.b5 Be7 50.b6 Nf6 51.b7 Nd7 52.Bc7 Kg6 53.c5
dxc5 54.Bxe5 Bf6 55.Bxf4 c4 56.Ke2 h5 57.e5 Bg5 58.Bxg5 Kxg5
59.e6 h4 1-0

[Event ""]
[Site ""]
[Date "????.??.??"]
[Round "5"]
[White "Áàëòèí Èëüäàð"]
[Black "Àíòîíîâ Èâàí"]
[Result "0-1"]
[WhiteElo "1802"]
[BlackElo "2027"]
[Annotator ""]
[Source ""]
[Remark ""]

1.d4 Nf6 2.g3 c5 3.Nf3 cxd4 4.Nxd4 e5 5.Nb3 Be7 6.Bg2 O-O 7.O-O
h6 8.Nc3 Nc6 9.e4 a5 10.Be3 a4 11.Nc5 a3 12.Rb1 axb2 13.Rxb2
Qa5 14.N5a4 Bb4 15.Bb6 Qa6 16.Re1 Qc4 17.Bf1 Qe6 18.Bc5 Bxc5
19.Nxc5 Qe7 20.Nxb7 Rb8 21.Qb1 Nd4 22.Bg2 Qa3 23.Nb5 Nxb5 24.Rxb5
Qc3 25.Rc1 Ng4 26.Nc5 Rxb5 27.Qxb5 Nxf2 28.Rf1 Ng4 29.Nd3 Qxc2
30.Nxe5 Ne3 31.Rf2 Qd1+ 32.Bf1 Qd4 33.Qd3 Qa7 34.Bh3 d6 35.Nxf7
Bxh3 36.Nxd6 Ng4 37.Qb3+ Kh7 0-1

[Event ""]
[Site ""]
[Date "????.??.??"]
[Round "5"]
[White "Ôèëîíåíêî Åëåíà"]
[Black "Ëþøèí Ìàêñèì"]
[Result "0-1"]
[WhiteElo "1559"]
[BlackElo "2000"]
[Annotator ""]
[Source ""]
[Remark ""]

1.e4 c5 2.Nf3 d6 3.d4 cxd4 4.Qxd4 Nc6 5.Bb5 Bd7 6.Bxc6 Bxc6 7.Nc3
Nf6 8.Bg5 e6 9.O-O-O Be7 10.h4 h6 11.Bd2 Qa5 12.g4 Qc5 13.Be1
Qxd4 14.Rxd4 Nxg4 15.Rg1 h5 16.Ng5 g6 17.Rg3 Bf6 18.Rxd6 Be5
19.Rxc6 Bxg3 20.Rc5 Bf4+ 21.Kb1 Bxg5 22.Rxg5 f6 23.Rc5 Kd7 24.Nb5
Rhc8 25.Rxc8 Rxc8 26.Nxa7 Rc4 27.f3 Nh2 28.b3 Rd4 29.Bc3 Rd1+
30.Kb2 e5 31.a4 Nxf3 32.b4 g5 33.hxg5 fxg5 34.b5 g4 0-1

[Event ""]
[Site ""]
[Date "????.??.??"]
[Round "5"]
[White "Èíÿêèíà Èëèíà"]
[Black "Ñìèðíîâ Íèêîëàé"]
[Result "1/2-1/2"]
[WhiteElo "1820"]
[BlackElo "2083"]
[Annotator ""]
[Source ""]
[Remark ""]

1.d4 d5 2.Nf3 Nf6 3.Bf4 c6 4.e3 e6 5.Nbd2 Bd6 6.Bg3 O-O 7.Bd3
Qc7 8.Ne5 Nbd7 9.f4 c5 10.c3 c4 11.Bc2 b5 12.O-O Re8 13.Bh4 Be7
14.Qf3 Nf8 15.g4 N6d7 16.Qh3 f6 17.Nef3 e5 18.fxe5 fxe5 19.Bxe7
Rxe7 20.Qh4 Qd6 21.g5 e4 22.Ne1 Ng6 23.Qh5 Ndf8 24.Ng2 Ne6 25.Rf2
Bd7 26.Nh4 Nxh4 27.Qxh4 Rf8 28.Raf1 Rxf2 29.Rxf2 g6 30.Rf6 Qc7
31.Qf2 Bc8 32.Bd1 Kg7 33.h4 Rf7 34.Bg4 Nxg5 35.hxg5 Bxg4 36.Rxf7+
Qxf7 37.Qxf7+ Kxf7 38.Nf1 Kg7 39.Kg2 h5 40.gxh6+ Kxh6 41.Kg3
Kg5 42.Nh2 Bd1 43.Nf1 Kf5 44.Kh3 g5 45.a3 Ke6 46.Kg3 Kd6 47.Kf2
Kc6 48.Ng3 Bg4 49.Ke1 Kb6 50.Nf1 Ka5 51.Nd2 Ka4 52.Kf1 a5 53.Ke1
b4 54.axb4 axb4 55.cxb4 Kxb4 56.Kf2 c3 57.bxc3+ Kxc3 58.Nf1 Kd3
59.Ng3 Kc4 60.Kg1 Kb5 61.Kf2 1/2-1/2

[Event ""]
[Site ""]
[Date "????.??.??"]
[Round "6"]
[White "Çàáîòèí Àëåêñàíäð"]
[Black "Ãóáàéäóëëèí Àëåêñåé"]
[Result "0-1"]
[WhiteElo "2491"]
[BlackElo "2441"]
[Annotator ""]
[Source ""]
[Remark ""]

1.d4 Nf6 2.c4 c5 3.Nf3 cxd4 4.Nxd4 b6 5.Nc3 Bb7 6.f3 e6 7.e4
d6 8.Be3 Be7 9.Be2 O-O 10.O-O a6 11.Qd2 Qc7 12.Rac1 Nbd7 13.a3
Rac8 14.b4 Qb8 15.Kh1 Rfe8 16.Bg1 Bd8 17.Na4 h5 18.Rfd1 h4 19.Bf2
h3 20.g3 Qa8 21.Kg1 Ne5 22.Qf4 Nfd7 23.Bf1 f5 24.exf5 Bxf3 25.Bxh3
Bxd1 26.Rxd1 Rxc4 27.Bg2 Qc8 28.fxe6 Nf6 29.Bf1 0-1

[Event ""]
[Site ""]
[Date "????.??.??"]
[Round "6"]
[White "Áðàãèí Àëåêñàíäð"]
[Black "Øàðàôèåâ Àçàò"]
[Result "1-0"]
[WhiteElo "2396"]
[BlackElo "2418"]
[Annotator ""]
[Source ""]
[Remark ""]

1.e4 c5 2.Nf3 e6 3.d4 cxd4 4.Nxd4 a6 5.Nc3 Qc7 6.Be2 Nc6 7.O-O
Nf6 8.Kh1 b5 9.Nxc6 dxc6 10.f4 b4 11.e5 bxc3 12.exf6 gxf6 13.bxc3
f5 14.Qd4 Rg8 15.Bf3 c5 16.Qc4 Bb7 17.Qa4+ Ke7 18.Ba3 Bxf3 19.Rxf3
Bg7 20.Qc4 Rac8 21.Rb1 Rgd8 22.Rd3 Rxd3 23.cxd3 Qa5 24.Rb3 Ke8
25.g3 Rd8 26.Bxc5 Qxa2 27.Ba3 Qa1+ 28.Kg2 Qa2+ 29.Kh3 1-0

[Event ""]
[Site ""]
[Date "????.??.??"]
[Round "6"]
[White "Äîáðîâ Âëàäèìèð"]
[Black "Ìàñëîâ Ìèõàèë"]
[Result "1-0"]
[WhiteElo "2519"]
[BlackElo "2325"]
[Annotator ""]
[Source ""]
[Remark ""]

1.d4 Nf6 2.c4 g6 3.g3 Bg7 4.Bg2 d6 5.Nf3 Nbd7 6.O-O e5 7.Nc3
O-O 8.h3 c6 9.e4 Ne8 10.Bg5 f6 11.Be3 Qe7 12.Re1 Qf7 13.b3 h6
14.Qd2 g5 15.Rad1 Nc7 16.c5 dxc5 17.dxc5 Re8 18.Qc2 Nf8 19.Nd2
Be6 20.Bf1 Red8 21.Nc4 Ne8 22.Na4 f5 23.exf5 Bxf5 24.Qb2 Qc7
25.Bd2 Ng6 26.Ne3 Be6 27.Qc2 Qf7 28.Bc3 Rxd1 29.Rxd1 Nf8 30.Rd2
Nc7 31.Bb2 Nb5 32.Bg2 Nd4 33.Qd1 Rd8 34.Kh1 Rd7 35.Nc3 Nf5 36.Nxf5
Qxf5 37.b4 Rd4 38.a3 Bf7 39.Qe1 Qd7 40.Re2 Rd3 41.Kh2 Ng6 42.Ne4
Rd1 43.Qc3 Rd3 44.Qc2 Bb3 45.Qb1 Bc4 46.Re1 Bf7 47.Nd6 Rd2 48.Kg1
Nf8 49.Bxe5 Bd5 50.Bxg7 Qxg7 51.Bxd5+ cxd5 52.Qf5 b6 53.Re8 bxc5
54.bxc5 Rd1+ 55.Kg2 Rc1 56.Qxd5+ Kh7 57.Qe4+ Ng6 58.c6 Qc7 59.Nc4
Qf7 60.Re6 Rc2 61.Qxc2 Qxe6 62.Ne5 1-0

[Event ""]
[Site ""]
[Date "????.??.??"]
[Round "6"]
[White "Ìèðçàíóðîâ Áóëàò"]
[Black "Ðîä÷åíêîâ Âèòàëèé"]
[Result "1-0"]
[WhiteElo "2321"]
[BlackElo "2414"]
[Annotator ""]
[Source ""]
[Remark ""]

1.d4 g6 2.Nf3 Bg7 3.c4 d6 4.Nc3 Nh6 5.g3 O-O 6.Bg2 f5 7.O-O Nf7
8.Be3 e6 9.Qb3 c6 10.Rfd1 Qe7 11.d5 cxd5 12.cxd5 e5 13.Rac1 Na6
14.h4 h6 15.Qa3 g5 16.Nb5 f4 17.gxf4 gxf4 18.Bd2 Bf5 19.Ba5 b6
20.Be1 Nc5 21.b4 Nd7 22.e3 Bg4 23.exf4 exf4 24.Nc7 Nfe5 25.Nxa8
Nxf3+ 26.Bxf3 Qxh4 27.Nc7 Bb2 28.Qb3 Ne5 29.Bh1 Qg5 30.f3 Bxf3+
31.Kf1 Bxh1 32.Qxb2 Qg4 33.Rd2 Qh3+ 34.Rg2+ Kf7 35.Rc3 Nd3 36.Ne6
Rc8 37.Nc7 Rxc7 38.Rxc7+ Ke8 39.Qh8# 1-0

[Event ""]
[Site ""]
[Date "????.??.??"]
[Round "6"]
[White "Ëàâðèê Äìèòðèé"]
[Black "Êðàéíîâ Àëåêñåé"]
[Result "1-0"]
[WhiteElo "2387"]
[BlackElo "2273"]
[Annotator ""]
[Source ""]
[Remark ""]

1.e4 c6 2.d4 d5 3.e5 h5 4.c4 g6 5.Nc3 Nh6 6.Nf3 Bg7 7.cxd5 cxd5
8.Qb3 e6 9.Bg5 Qb6 10.Qxb6 axb6 11.Nb5 Kd7 12.h3 Nf5 13.Bd3 Ne7
14.Kd2 Nbc6 15.Rhc1 Rb8 16.b4 Nf5 17.a3 Bf8 18.g4 Ng7 19.Bf6
Rg8 20.Ng5 Ne8 21.Nxf7 Nxf6 22.exf6 Ke8 23.Ng5 Nd8 24.f4 hxg4
25.hxg4 e5 26.f7+ 1-0

[Event ""]
[Site ""]
[Date "????.??.??"]
[Round "6"]
[White "Àëåøèí Îëåã"]
[Black "Áåëèêîâ Þðèé"]
[Result "1-0"]
[WhiteElo "2374"]
[BlackElo "2290"]
[Annotator ""]
[Source ""]
[Remark ""]

1.e4 d6 2.d4 Nf6 3.Nc3 g6 4.g3 Bg7 5.Bg2 O-O 6.Nge2 Nbd7 7.O-O
c5 8.h3 Rb8 9.a4 a6 10.a5 b5 11.axb6 Qxb6 12.Be3 Qc7 13.Ra2 Bb7
14.Nd5 Nxd5 15.exd5 c4 16.Nc3 Nb6 17.Re1 Rfe8 18.Qd2 e6 19.dxe6
Rxe6 20.d5 Ree8 21.Rd1 Nd7 22.Bd4 Ne5 23.f4 Nd7 24.Bxg7 Kxg7
25.Qd4+ Kg8 26.Raa1 Qb6 27.Qxb6 Nxb6 28.Kf2 f5 29.Re1 Kf7 30.Rxe8
Kxe8 31.Ke3 Kd7 32.Kd4 Re8 33.Bf3 h5 34.h4 Kc7 35.Na4 Nxa4 36.Rxa4
Re1 37.Rxc4+ Kd7 38.Rc3 Rg1 39.Be2 Re1 40.Re3 Rc1 41.Bd3 Rg1
42.Re6 Rxg3 43.Rxg6 Rf3 44.Rg7+ Kc8 45.Bxf5+ Kb8 46.Ke4 Rf2 47.Ke3
Rh2 48.Be6 1-0